00853nas a2200229Ia 4500001001600000003001000016008004100026040002500067041001300092100003100105210005100136222005100187245008300238250001100321260000900332501012300341300001400464362003300478500006500511650002400576700002300600A04/R040-48322 IT-MiCISF161014c99999999xx |||||||||||| ||und|| aIT-MiCISFcIT-MiCISF aITALIANO aBenvegnù-Pasini Giuseppe aStudi Zancan. Politiche e servizi alle persone aStudi Zancan. Politiche e servizi alle persone 0aFamiglie in salita. Rapporto 2009 su povertà ed esclusione sociale in Italia a1a ed. c2009 bCISF - Centro Internazionale Studi Famiglia - Via Giotto, 36 20145 MILANO (non commercial uses only)cCopyright 2016 app. 13-26 an. 3-4, maggio-agosto [2009] a Tema: società, stratificazione-sociale, politiche-sociali asocietàvarticolo a Vecchiato Tiziano